Agenda Yahudi menakluk dunia : : rahsia di sebalik rahsia

Bibliographic Details
Main Author: Sabaruddin Hussien
Format: Book
Published: Kuala Lumpur : PTS Islamika , 2010
Subjects:

MARC

LEADER 00000cam a2200000 7i4500
001 0000004193
005 20190521.0
020 0 0 |a 9789675137853 
090 0 0 |a 296. SAB 
100 1 0 |a Sabaruddin Hussien 
245 1 0 |a Agenda Yahudi menakluk dunia : :   |b rahsia di sebalik rahsia   |c Sabaruddin Hussien 
260 0 0 |a Kuala Lumpur :   |b PTS Islamika ,   |c 2010 
300 |a xvii, 213ms. :   |b .ill ;   |c 23cm. 
650 0 0 |a Judaism---Relations---Islam 
650 0 0 |a Missions to Jews 
999 |a 008090   |b Monograph   |c Open Shelf   |e Default branch